| 000 | 00618nam a2200181Ia 4500 | ||
|---|---|---|---|
| 008 | 151202s9999||||xx |||||||||||||| ||und|| | ||
| 082 | _bPNVM-46047 | ||
| 100 | _aबवेॅ दिनेश. | ||
| 245 | _aथोडं चौकटीबाहेर. | ||
| 260 | _b"मे.एस्.पी.बवेॅ पब्लिशर्स,पुणे." | ||
| 260 | _c2004 | ||
| 300 | _a72 | ||
| 600 | _aबवेॅ दिनेश. | ||
| 630 | _aथोडं चौकटीबाहेर. | ||
| 700 | _aबवेॅ दिनेश. | ||
| 730 | _aथोडं चौकटीबाहेर. | ||
| 942 | _cBOOK | ||
| 999 |
_c1311997 _d1311994 |
||